Television production (Record no. 59625)

MARC details
000 -LEADER
fixed length control field 00688nam a2200193 a 4500
008 - FIXED-LENGTH DATA ELEMENTS--GENERAL INFORMATION
fixed length control field 120416s1985 ||||||||||||||||| || u
020 ## - INTERNATIONAL STANDARD BOOK NUMBER
International Standard Book Number 0070721319
050 ## - LIBRARY OF CONGRESS CALL NUMBER
Classification number PN 1992.75 Wur
100 ## - MAIN ENTRY--PERSONAL NAME
Personal name Wurtzel, Alan
245 10 - TITLE STATEMENT
Title Television production
250 ## - EDITION STATEMENT
Edition statement 2nd ed.
260 ## - PUBLICATION, DISTRIBUTION, ETC.
Place of publication, distribution, etc. New York:
Name of publisher, distributor, etc. McGraw-Hill
Date of publication, distribution, etc. 1985
300 ## - PHYSICAL DESCRIPTION
Extent xxii, 632p.: ill.
350 ## - PRICE (NR) (BK AM CF MU VM SE) [OBSOLETE]
Price 0.00
500 ## - GENERAL NOTE
General note Includes index. -Bibliography: p. 619-622.
650 ## - SUBJECT ADDED ENTRY--TOPICAL TERM
Topical term or geographic name entry element TELEVISION-- EQUIPMENT AND SUPPLIES
650 ## - SUBJECT ADDED ENTRY--TOPICAL TERM
Topical term or geographic name entry element TELEVISION--PRODUCTION AND DIRECTION
995 ## - RECOMMENDATION 995 [LOCAL, UNIMARC FRANCE]
-- 0.00
-- CBU-MAIN LIBRARY (Kitwe)
-- 1
-- 26.95
-- 1
-- AVAILABLE
-- Annex Low-Usage Collection
Holdings
Withdrawn status Lost status Source of classification or shelving scheme Damaged status Not for loan Home library Current library Shelving location Date acquired Total Checkouts Full call number Barcode Date last seen Price effective from Koha item type
          CBU-MAIN LIBRARY, KITWE. CBU-MAIN LIBRARY, KITWE.   11/30/2022   PN 1992.75 Wur 010814 11/30/2022 11/30/2022 MONOGRAPH